000 01145nam a22003257a 4500
003 CHAP
005 20220329134710.0
008 971013s1919 r 00010 d
010 _a24378
011 _a25350
035 _a29450
040 _cCHAP
082 _a633.74
_bC68
110 _aComissao Executiva de Plano da Lavoura Caraveria. Brasilia
_925841
245 _aRelatorio 19 -
260 _aBrasilia, D. F. :
_bLa Comissao,
_c(19 -19 )
300 _av.
500 _aLa biblioteca tiene: 1981, 1983, 1986
500 _aTít. varía: Informe anual ; informe técnico ; informe de pesquisas
590 _aBATCH-UPD
_b10
_c20130110
_lUCH01
_h1700
590 _aBATCH-UPD
_b10
_c20130410
_lUCH01
_h1048
590 _aBATCH-UPD
_b10
_c20130914
_lUCH01
_h0804
590 _aCONVERSION
_b10
_c20130109
_lUCH01
_h1314
650 1 4 _aCacao
_xInvestigación.
_916952
901 _aBK
942 _cLIBRO
949 _a633.74 C68
_bBC
_cLIBRO
_d33724000200275
_eLIBRO
_f1981
_h66362
_i29450
_si
949 _a633.74 C68
_bBC
_cLIBRO
_d33724000200283
_eLIBRO
_f1986
_i29450
_si
949 _a633.74 C68
_bBC
_cLIBRO
_d33724000900924
_eLIBRO
_f1983
_h72221
_i29450
_si
999 _c24378
_d24378